A cipőgyárban ülésezett a II. kerületi tanács végrehajtó bizottsága
Elmentve itt :
| Dokumentumtípus: | Cikk |
|---|---|
| Megjelent: |
1966-06-10
|
| Sorozat: | Délmagyarország
56 No. 136 |
| Kulcsszavak: | II. kerületi tanács, Közigazgatás Szeged 1966 |
| Online Access: | http://dmarchiv.bibl.u-szeged.hu/72273 |
| LEADER | 00481nab a2200145 i 4500 | ||
|---|---|---|---|
| 001 | delm72273 | ||
| 005 | 20180928082413.0 | ||
| 008 | 180928s1966 hu o 0|| hun d | ||
| 040 | |a SZTE Délmagyarország Archívum |b hun | ||
| 041 | |a hun | ||
| 245 | 0 | 2 | |a A cipőgyárban ülésezett a II. kerületi tanács végrehajtó bizottsága |h [elektronikus dokumentum] |
| 260 | |c 1966-06-10 | ||
| 300 | |a 3 | ||
| 490 | 0 | |a Délmagyarország |v 56 No. 136 | |
| 695 | |a II. kerületi tanács, Közigazgatás Szeged 1966 | ||